Statistiques concernant Focus sur: Walburga Black - Harry Potter

Cliquez ici pour prendre le quiz!

Statistiques générales

  • Ce quiz a été pris 42 fois
  • Le résultat moyen est 8 sur 11

Statistiques - réponses

Informations recherchéesRéponses% Correct
Ecole fréquentéePoudlard
100%
Statut du sangSang-Pur
100%
FilsSirius Black
100%
Première mentionHarry Potter et l'Ordre du Phénix
95%
FilsRegulus Black
95%
Maison fréquentéeSerpentard
95%
EpouxOrion Black
86%
FrèreCygnus Black III
62%
FrèreAlphard Black III
38%
PèrePollux Black
38%
MèreIrma Crabbe
35%

Distribution des résultats

Percentile par nombre de réponses

% des personnes avec chaque résultat

Votre développement - résultats

Vous n’avez pas pris ce quiz